[Event "ICS Rated blitz match"]
[Site "204.178.125.65"]
[Date "2000.10.02"]
[Round "?"]
[White "Hossa"]
[Black "PostModernist"]
[Result "0-1"]
[WhiteElo "2529"]
[BlackElo "2671"]
[PlyCount "172"]
[EventDate "2000.??.??"]

1. d4 f5 2. g3 e6 3. Bg2 Nf6 4. Nf3 d5 5. O-O Bd6 6. b3 Qe7 7. c4 c6 8. Ne5 O-O
9. Bg5 Nbd7 10. f4 dxc4 11. bxc4 Rd8 12. Qb3 Rb8 13. e3 h6 14. Bxf6 Qxf6 15.
Qc2 Bc7 16. Qf2 Nxe5 17. fxe5 Qf8 18. Nd2 Bd7 19. Nb3 b6 20. Rab1 a5 21. Bf3 a4
22. Nc1 Qa3 23. Qd2 b5 24. cxb5 cxb5 25. Nd3 Ba5 26. Qxa5 Qxd3 27. Qe1 Rbc8 28.
Rd1 Qc4 29. Qf2 b4 30. d5 b3 31. Rd4 Qc2 32. Rd2 Qc3 33. axb3 axb3 34. Rfd1 Re8
35. Bh5 Rf8 36. dxe6 Bxe6 37. Qf4 b2 38. Qd4 Bb3 39. Rxb2 Bxd1 40. Qxc3 Rxc3
41. Bxd1 Rc1 42. Rd2 Kf7 43. Kf2 Rb8 44. g4 Ke6 45. gxf5+ Kxf5 46. Rd5 Rb2+ 47.
Kg3 g5 48. Bg4+ Ke4 49. Bf3+ Kxe3 50. Rd1 Rxd1 51. Bxd1 Rb7 52. e6 Re7 53. Bb3
h5 54. Kg2 h4 55. Kh3 Kf4 56. Kg2 g4 57. Bd5 h3+ 58. Kf2 Re8 59. Bb3 Rf8 60.
Bd1 Rf6 61. Bb3 g3+ 62. hxg3+ Kg4+ 63. Ke2 h2 64. Bd5 Rf5 65. e7 Rxd5 66. e8=Q
h1=Q 67. Qg6+ Rg5 68. Qe6+ Kxg3 69. Qd6+ Kg4 70. Qd4+ Kf5 71. Qd7+ Ke4 72. Qd3+
Ke5 73. Qc3+ Kf5 74. Qc8+ Kf4 75. Qf8+ Rf5 76. Qb8+ Re5+ 77. Kf2 Qh2+ 78. Kf1
Qe2+ 79. Kg1 Kg3 80. Qg8+ Qg4 81. Qxg4+ Kxg4 82. Kf2 Re6 83. Kg2 Rf6 84. Kh2
Kf3 85. Kg1 Rh6 86. Kf1 Rh1# {Hossa checkmated} 0-1

[Event "ICS rated blitz match"]
[Site "204.178.125.65"]
[Date "2000.10.02"]
[Round "?"]
[White "PostModernist"]
[Black "Hossa"]
[Result "1-0"]
[WhiteElo "2681"]
[BlackElo "2519"]
[PlyCount "109"]
[EventDate "2000.??.??"]

1. e4 e5 2. Bc4 Nf6 3. d3 Bc5 4. Nc3 Nc6 5. Nf3 O-O 6. O-O d6 7. h3 Na5 8. Bb3
Nxb3 9. axb3 c6 10. Qe2 Bb4 11. Be3 a6 12. Na2 Ba5 13. Rfd1 Kh8 14. Nc3 b6 15.
Nd2 Be6 16. Qf3 d5 17. Bg5 Rg8 18. Qg3 Qd6 19. exd5 cxd5 20. d4 Nd7 21. Nf3
Bxc3 22. bxc3 f6 23. Be3 Rge8 24. dxe5 fxe5 25. c4 Qc6 26. Nxe5 Nxe5 27. Qxe5
dxc4 28. Rd6 Qc7 29. Bxb6 Qf7 30. bxc4 Bxc4 31. Qg3 Re2 32. Rad1 Qf5 33. Rd8+
Rxd8 34. Rxd8+ Bg8 35. Bd4 Re1+ 36. Kh2 Qf7 37. Rd6 Rc1 38. Rxa6 Qd7 39. c3 Rd1
40. Qe5 Rxd4 41. cxd4 Qb7 42. Ra5 Qf7 43. f4 h6 44. d5 Qb7 45. d6 Qd7 46. Ra8
Kh7 47. Qe4+ g6 48. Qd4 g5 49. Ra7 Qxa7 50. Qxa7+ Kg6 51. d7 Bc4 52. d8=Q Be6
53. Qe8+ Kf5 54. Qd4 gxf4 55. Qh5# {Hossa checkmated} 1-0

[Event "ICS rated blitz match"]
[Site "204.178.125.65"]
[Date "2000.10.02"]
[Round "?"]
[White "Hossa"]
[Black "garparov"]
[Result "1-0"]
[WhiteElo "2510"]
[BlackElo "1977"]
[PlyCount "89"]
[EventDate "2000.??.??"]

1. d4 Nf6 2. c4 g6 3. Nc3 d5 4. cxd5 Nxd5 5. e4 Nxc3 6. bxc3 Bg7 7. Bc4 O-O 8.
Ne2 c5 9. O-O Nc6 10. Be3 Bg4 11. f3 Na5 12. Bxf7+ Rxf7 13. fxg4 Rxf1+ 14. Kxf1
Nc4 15. Qb3 b5 16. a4 Kh8 17. Bf4 e5 18. dxe5 Qd3 19. Qxb5 Rf8 20. g3 Nd2+ 21.
Kg1 c4 22. Qd5 Nf3+ 23. Kf2 Nxh2 24. Qxd3 cxd3 25. Nd4 Nxg4+ 26. Kf3 Nxe5+ 27.
Ke3 Rd8 28. Bxe5 Bxe5 29. Nc6 Re8 30. Kxd3 Bxg3 31. Nxa7 h5 32. Nc6 h4 33. a5
h3 34. a6 h2 35. a7 Ra8 36. e5 g5 37. e6 Bd6 38. c4 g4 39. Ke4 g3 40. Kf3 Kg7
41. Kg2 Kf6 42. Re1 Rh8 43. e7 Bxe7 44. Nxe7 Ra8 45. Nc6 {garparov resigns} 1-0

[Event "ICS rated blitz match"]
[Site "204.178.125.65"]
[Date "2000.10.02"]
[Round "?"]
[White "garparov"]
[Black "Hossa"]
[Result "0-1"]
[WhiteElo "1976"]
[BlackElo "2511"]
[PlyCount "41"]
[EventDate "2000.??.??"]

1. e4 e5 2. Nf3 Nc6 3. Bb5 a6 4. Ba4 Nf6 5. O-O Be7 6. Re1 b5 7. Bb3 d6 8. c3
O-O 9. h3 Bb7 10. d4 Re8 11. Nbd2 Bf8 12. Bc2 g6 13. Nf1 exd4 14. cxd4 Nb4 15.
Ng3 d5 16. e5 Nxc2 17. Qxc2 Ne4 18. Bg5 Nxg5 19. Nxg5 Qxg5 20. Qxc7 Rab8 21.
Qc2 {garparov resigns} 0-1

[Event "ICS rated blitz match"]
[Site "204.178.125.65"]
[Date "2000.10.02"]
[Round "?"]
[White "KarpovA"]
[Black "Hossa"]
[Result "0-1"]
[WhiteElo "1982"]
[BlackElo "2520"]
[PlyCount "62"]
[EventDate "2000.??.??"]

1. e4 e5 2. f4 exf4 3. Nf3 g5 4. Bc4 g4 5. O-O gxf3 6. Qxf3 Qf6 7. d3 Bh6 8.
Nc3 Ne7 9. e5 Qxe5 10. g3 c6 11. gxf4 Qg7+ 12. Kh1 d5 13. Rg1 Qf6 14. Bb3 Ng6
15. f5 Bxc1 16. Raxc1 Qxf5 17. Qxf5 Bxf5 18. Rcf1 Be6 19. Na4 Nd7 20. c4 dxc4
21. dxc4 Nge5 22. Re1 Nf3 23. Rxe6+ fxe6 24. Rf1 Nd2 25. Re1 Ke7 26. c5 Nxb3
27. axb3 Rhg8 28. b4 Rg4 29. b3 Rag8 30. h3 Rg3 31. Nb2 Rxh3# {
KarpovA checkmated} 0-1

[Event "ICS rated blitz match"]
[Site "204.178.125.65"]
[Date "2000.10.02"]
[Round "?"]
[White "Hossa"]
[Black "KarpovA"]
[Result "1-0"]
[WhiteElo "2521"]
[BlackElo "1981"]
[PlyCount "73"]
[EventDate "2000.??.??"]

1. e4 d6 2. d4 Nf6 3. Nc3 g6 4. f4 Bg7 5. Nf3 O-O 6. Bd3 c5 7. dxc5 dxc5 8. Qe2
Nc6 9. e5 Nd5 10. Nxd5 Qxd5 11. Be4 Qd7 12. Be3 b6 13. O-O Bb7 14. Rfd1 Qg4 15.
c3 Rab8 16. Bd3 h5 17. h3 Qc8 18. Ng5 e6 19. g4 hxg4 20. hxg4 Rd8 21. Qh2 Ne7
22. Qh7+ Kf8 23. c4 Ng8 24. Bf1 Qc6 25. Rd2 Nh6 26. Bg2 Qc7 27. Bh3 Qc6 28. Rh2
Rd3 29. Re1 Rbd8 30. Bg2 Qc7 31. Rxh6 Bxg2 32. Rxg6 fxg6 33. Nxe6+ Kf7 34. Nxc7
Be4 35. e6+ Kf6 36. Qh4+ g5 37. Qxg5# {KarpovA checkmated} 1-0

[Event "ICS rated blitz match"]
[Site "204.178.125.65"]
[Date "2000.10.02"]
[Round "?"]
[White "KarpovA"]
[Black "Hossa"]
[Result "0-1"]
[WhiteElo "1980"]
[BlackElo "2522"]
[PlyCount "66"]
[EventDate "2000.??.??"]

1. e4 e5 2. Nf3 Nc6 3. d4 exd4 4. Nxd4 Nf6 5. Nc3 Bb4 6. Bg5 Qe7 7. f3 Qe5 8.
Be3 O-O 9. a3 Bxc3+ 10. bxc3 d5 11. Bb5 dxe4 12. Bxc6 bxc6 13. O-O c5 14. f4
Qd6 15. Nb5 Qe7 16. c4 Ng4 17. Bc1 a6 18. Nc3 Qf6 19. Bb2 Qh6 20. h3 Ne3 21.
Qe2 Nxf1 22. Rxf1 Rb8 23. Ba1 f5 24. Nd5 Rf7 25. Rd1 c6 26. Nc3 Qxf4 27. Rd8+
Rf8 28. Rxf8+ Kxf8 29. Qd1 Be6 30. Ne2 Qc7 31. g3 Bxc4 32. Nf4 g5 33. Qh5 Rb1+
{KarpovA resigns} 0-1

[Event "ICS rated blitz match"]
[Site "204.178.125.65"]
[Date "2000.10.02"]
[Round "?"]
[White "LrGenius"]
[Black "Hossa"]
[Result "1-0"]
[WhiteElo "2329"]
[BlackElo "2523"]
[PlyCount "67"]
[EventDate "2000.??.??"]

1. e4 e6 2. d4 d5 3. e5 c5 4. c3 Nc6 5. Nf3 Bd7 6. Be2 Nge7 7. O-O Nf5 8. Bd3
cxd4 9. Bxf5 exf5 10. Nxd4 Be7 11. Re1 O-O 12. e6 fxe6 13. Nxe6 Bxe6 14. Rxe6
Qd7 15. Re1 Rae8 16. Nd2 Bd6 17. Nf3 Rxe1+ 18. Qxe1 Re8 19. Qd1 Qe6 20. Be3 f4
21. Bd4 Qe4 22. h3 b6 23. Qa4 Rc8 24. Re1 Qd3 25. Re6 Qb1+ 26. Kh2 Nxd4 27.
Qxd4 Bc5 28. Qxd5 Kh8 29. Ng5 Bxf2 30. Nf7+ Kg8 31. Re8+ Rxe8 32. Nh6+ Kh8 33.
Qg8+ Rxg8 34. Nf7# {Hossa checkmated} 1-0

[Event "ICS rated blitz match"]
[Site "204.178.125.65"]
[Date "2000.10.02"]
[Round "?"]
[White "Hossa"]
[Black "LrGenius"]
[Result "1/2-1/2"]
[WhiteElo "2499"]
[BlackElo "2353"]
[PlyCount "167"]
[EventDate "2000.??.??"]

1. e4 e6 2. d4 d5 3. e5 c5 4. c3 Nc6 5. Nf3 Qb6 6. Bd3 cxd4 7. cxd4 Bd7 8. O-O
Nxd4 9. Nxd4 Qxd4 10. Nc3 a6 11. Re1 Ne7 12. Bg5 Nc6 13. Bc2 Qxd1 14. Raxd1 Bb4
15. a3 Bxc3 16. bxc3 Na5 17. Bd3 Rc8 18. Rc1 Nc4 19. Rb1 b5 20. Bc1 O-O 21. h3
Nb6 22. Bd2 Na4 23. Re3 Rc7 24. Rb3 Rfc8 25. Bb1 Rc4 26. Bd3 R4c7 27. Bb1 Rc4
28. Bd3 R4c7 29. Bb1 Nb6 30. Bd3 Nc4 31. Bxc4 Rxc4 32. Re1 Ra4 33. Be3 f6 34.
Bd4 Kf7 35. g4 Rcc4 36. Kg2 Ra5 37. Bb6 Raa4 38. Bd4 Bc6 39. f4 Bd7 40. Ra1 Bc6
41. exf6 gxf6 42. Kf2 Rxd4 43. cxd4 Rxd4 44. Rf3 Rc4 45. Kg3 d4 46. Rf2 Ke7 47.
Kh4 Kd6 48. g5 fxg5+ 49. Kxg5 Be4 50. Re1 Bf5 51. Rf3 a5 52. h4 Rc3 53. Ref1 b4
54. axb4 axb4 55. R3f2 b3 56. Rb2 Kd5 57. Kf6 Kc4 58. Rg1 Rc2 59. Rbb1 d3 60.
Rg8 d2 61. Rd8 Kc3 62. Rg1 b2 63. Rc8+ Kd4 64. Rb8 Ke3 65. Kg5 Ke2 66. Rd8 Rc1
67. Rg2+ Kf3 68. Rdxd2 b1=Q 69. Rgf2+ Ke3 70. Rfe2+ Kf3 71. Rf2+ Kg3 72. Rg2+
Kh3 73. Rh2+ Kg3 74. Rhg2+ Kf3 75. Rgf2+ Ke3 76. Rfe2+ Kf3 77. Rf2+ Ke3 78.
Rfe2+ Kf3 79. Rf2+ Ke3 80. Rfe2+ Kf3 81. Rf2+ Ke3 82. Rfe2+ Kf3 83. Rf2+ Ke3
84. Rfe2+ {Game drawn by repetition} 1/2-1/2

[Event "ICS rated blitz match"]
[Site "204.178.125.65"]
[Date "2000.10.02"]
[Round "?"]
[White "Hossa"]
[Black "Colorado"]
[Result "0-1"]
[WhiteElo "2493"]
[BlackElo "2678"]
[PlyCount "138"]
[EventDate "2000.??.??"]

1. e4 e5 2. Nf3 Nc6 3. Bc4 Bc5 4. c3 Nf6 5. d4 exd4 6. cxd4 Bb4+ 7. Nc3 Nxe4 8.
O-O Bxc3 9. d5 Bf6 10. Re1 Ne7 11. Rxe4 d6 12. Bg5 Bxg5 13. Nxg5 h6 14. Qe2
hxg5 15. Re1 Be6 16. dxe6 f6 17. Re3 c6 18. Rh3 Rxh3 19. gxh3 g6 20. Rd1 d5 21.
Qf3 Nf5 22. Bd3 Nh4 23. Qg4 Qe7 24. Re1 O-O-O 25. Bf1 f5 26. Qg3 Rd6 27. Qa3
Kc7 28. Kh1 f4 29. Qxa7 Rxe6 30. Qa5+ Kd7 31. Rd1 Kc8 32. Qc3 Qf6 33. Qxf6 Rxf6
34. Re1 Kd7 35. Be2 f3 36. Bd1 Re6 37. Rxe6 Kxe6 38. Kg1 d4 39. Bc2 Kd5 40. b3
b5 41. Bd3 b4 42. Kf1 Ke5 43. Bc2 c5 44. Bd3 Nf5 45. Ke1 Ne7 46. Kd2 Nd5 47.
Bxg6 Nf4 48. Be8 Nxh3 49. Ke1 d3 50. Bg6 Kd4 51. Bf5 d2+ 52. Kd1 Nxf2+ 53. Kxd2
Ne4+ 54. Ke1 Ke3 55. Bxe4 Kxe4 56. Kf2 g4 57. Kg3 Ke3 58. Kxg4 f2 59. Kf5 f1=Q+
60. Ke6 Qa6+ 61. Kd5 Qxa2 62. Kc4 Qc2+ 63. Kb5 Kd4 64. Kb6 Qg6+ 65. Kc7 Kd5 66.
h4 Qc6+ 67. Kb8 Qb6+ 68. Kc8 Kd6 69. h5 Qc7# {Hossa checkmated} 0-1

[Event "ICS rated blitz match"]
[Site "204.178.125.65"]
[Date "2000.10.02"]
[Round "?"]
[White "alt1"]
[Black "Hossa"]
[Result "1/2-1/2"]
[WhiteElo "1978"]
[BlackElo "2485"]
[PlyCount "90"]
[EventDate "2000.??.??"]

1. e4 e5 2. Nf3 Nc6 3. Bc4 Nf6 4. d4 exd4 5. O-O Nxe4 6. Re1 d5 7. Bxd5 Qxd5 8.
Nc3 Qa5 9. Nxe4 Be6 10. Neg5 O-O-O 11. Nxe6 fxe6 12. Rxe6 Bd6 13. Bg5 Rde8 14.
Qe1 Qxe1+ 15. Raxe1 Rxe6 16. Rxe6 Kd7 17. Re4 Re8 18. Rxe8 Kxe8 19. Kf1 h6 20.
Bd2 Kf7 21. Ke2 Ke6 22. Kd3 Kd5 23. Nxd4 Nxd4 24. c4+ Ke6 25. Kxd4 Be5+ 26. Ke4
Bxb2 27. Bf4 c5 28. Bb8 a6 29. a4 Ba1 30. f4 Bf6 31. f5+ Kd7 32. Kd5 b6 33. Bd6
a5 34. g3 Bd4 35. Bf8 Kc7 36. h3 Bc3 37. g4 Kd7 38. h4 Bf6 39. g5 hxg5 40. hxg5
Bd4 41. g6 Bf6 42. Bd6 Bd4 43. Bb8 Bf6 44. Bd6 Bd4 45. Bf8 Bf6 {
Game drawn by mutual agreement} 1/2-1/2

[Event "ICS rated blitz match"]
[Site "204.178.125.65"]
[Date "2000.10.02"]
[Round "?"]
[White "Hossa"]
[Black "counterplay"]
[Result "0-1"]
[WhiteElo "2471"]
[BlackElo "2790"]
[PlyCount "142"]
[EventDate "2000.??.??"]

1. e4 e5 2. Nf3 Nc6 3. Bb5 a6 4. Ba4 Nf6 5. Qe2 d6 6. d3 b5 7. Bb3 Be7 8. c3
O-O 9. O-O Na5 10. Bc2 c5 11. Bd2 Be6 12. Ng5 Bg4 13. f3 Bd7 14. f4 Nc6 15.
fxe5 dxe5 16. Bb3 Na5 17. Bxf7+ Rxf7 18. Nxf7 Kxf7 19. Qh5+ Ke6 20. Qf3 Nc6 21.
Bg5 Kf7 22. Nd2 Kg8 23. Bxf6 gxf6 24. a4 bxa4 25. Rf2 Na5 26. Nf1 Nb3 27. Rb1
Be6 28. Rd1 Qd7 29. Ne3 Rd8 30. Qh5 Rb8 31. Nf5 Bxf5 32. Rxf5 Na5 33. Qe2 Kh8
34. Rdf1 Qb5 35. R1f2 Qb3 36. Qd2 a3 37. bxa3 Qxa3 38. Qe1 Nc6 39. R5f3 Rb3 40.
Rc2 c4 41. dxc4 Qc5+ 42. Kh1 Qxc4 43. Rd2 Ra3 44. Rd1 Ra2 45. Re3 Rc2 46. Rd7
Ba3 47. Rh3 Rc1 48. Rd1 Rxd1 49. Qxd1 Qxe4 50. Rg3 Qc4 51. h3 Bc5 52. Kh2 Qe6
53. Qb1 e4 54. Qb7 Ne7 55. Qb8+ Qc8 56. Qxc8+ Nxc8 57. Rg4 f5 58. Rh4 Ne7 59.
Rh6 Ng6 60. Kg3 f4+ 61. Kg4 f3 62. gxf3 e3 63. Rh5 Bb6 64. c4 e2 65. c5 Bc7 66.
Rh6 e1=Q 67. f4 Qe4 68. Rxh7+ Kxh7 69. Kg3 Nxf4 70. Kg4 Ng2+ 71. Kg5 Qg6# {
Hossa checkmated} 0-1

[Event "ICS Rated blitz match"]
[Site "204.178.125.65"]
[Date "2000.10.02"]
[Round "?"]
[White "PostModernist"]
[Black "Hossa"]
[Result "1-0"]
[WhiteElo "2708"]
[BlackElo "2467"]
[PlyCount "31"]
[EventDate "2000.??.??"]

1. d4 f5 2. g3 e6 3. Nf3 Nf6 4. Bg2 Be7 5. O-O O-O 6. c4 Nc6 7. Nc3 Ng4 8. d5
Nce5 9. Nxe5 Nxe5 10. b3 Nf7 11. Bb2 e5 12. e4 Ng5 13. exf5 Rxf5 14. Na4 Qf8
15. Qe2 Rf7 16. f4 {Hossa resigns} 1-0

[Event "ICS Rated blitz match"]
[Site "204.178.125.65"]
[Date "2000.10.02"]
[Round "?"]
[White "Hossa"]
[Black "PostModernist"]
[Result "0-1"]
[WhiteElo "2461"]
[BlackElo "2714"]
[PlyCount "138"]
[EventDate "2000.??.??"]

1. e4 e6 2. d4 d5 3. Nc3 Bb4 4. e5 Ne7 5. a3 Bxc3+ 6. bxc3 b6 7. Nf3 Ba6 8.
Bxa6 Nxa6 9. Bg5 c5 10. O-O O-O 11. Be3 Nf5 12. Qd2 Qe7 13. Bg5 Qd7 14. Nh4
Nxh4 15. Bxh4 Qb5 16. Be7 Rfc8 17. Bd6 cxd4 18. cxd4 Qc4 19. Rfc1 Qc3 20. Qxc3
Rxc3 21. a4 Rac8 22. Ra2 R8c4 23. a5 bxa5 24. Rxa5 Rxc2 25. Rxc2 Rxc2 26. f4
Rc6 27. f5 h6 28. fxe6 fxe6 29. h3 Kh7 30. Kf2 h5 31. Kg3 Kh6 32. Ra2 Kg5 33.
Kf3 h4 34. Be7+ Kh5 35. g4+ hxg3 36. Kxg3 Nb8 37. Bc5 a6 38. Kh2 Nd7 39. Be7
Kg6 40. Rg2+ Kh7 41. Ra2 Kh6 42. h4 Kg6 43. Rg2+ Kf7 44. Bd6 Rc4 45. Rf2+ Kg8
46. Rf4 a5 47. Kg3 Rc3+ 48. Kg4 a4 49. Rf2 Rd3 50. Bc5 Nxc5 51. dxc5 Rc3 52.
Rf4 a3 53. Ra4 Kh7 54. Kg5 Rg3+ 55. Kf4 Rh3 56. Kg4 Re3 57. Kf4 Rd3 58. Ra6 Rc3
59. Rxe6 Rc4+ 60. Ke3 Ra4 61. c6 a2 62. c7 a1=Q 63. Rh6+ gxh6 64. c8=Q Qxe5+
65. Kf2 Ra2+ 66. Qc2+ Rxc2+ 67. Kf3 Qe4+ 68. Kg3 Rg2+ 69. Kh3 Qf3# {
Hossa checkmated} 0-1

[Event "ICS rated blitz match"]
[Site "204.178.125.65"]
[Date "2000.10.02"]
[Round "?"]
[White "IZZYLISTED"]
[Black "Hossa"]
[Result "0-1"]
[WhiteElo "2073"]
[BlackElo "2455"]
[PlyCount "46"]
[EventDate "2000.??.??"]

1. e4 e6 2. Nf3 d5 3. e5 c5 4. b4 cxb4 5. d4 Nc6 6. a3 bxa3 7. c3 f6 8. Bd3 Qc7
9. Nxa3 fxe5 10. dxe5 Nxe5 11. O-O Qxc3 12. Nxe5 Qxe5 13. Rb1 Bd6 14. g3 Qf6
15. Nb5 Bb8 16. Ba3 Ne7 17. Qc2 Bd7 18. Bb2 e5 19. f4 Qb6+ 20. Kg2 Bxb5 21.
Bxb5+ Qxb5 22. Bxe5 Qc4 23. Qa4+ Qxa4 {IZZYLISTED resigns} 0-1

[Event "ICS Rated blitz match"]
[Site "204.178.125.65"]
[Date "2000.10.02"]
[Round "?"]
[White "Hossa"]
[Black "sanfranrich"]
[Result "1-0"]
[WhiteElo "2458"]
[BlackElo "1924"]
[PlyCount "115"]
[EventDate "2000.??.??"]

1. d4 Nf6 2. c4 e6 3. Nc3 d5 4. e3 Be7 5. Nf3 O-O 6. Be2 c6 7. c5 Nbd7 8. b4 b6
9. b5 cxb5 10. c6 Nb8 11. Bxb5 a6 12. Qa4 Qc7 13. Ne5 Bd6 14. Ba3 Bxa3 15. Qxa3
Qa7 16. Bd3 Qc7 17. Nb5 axb5 18. Qxa8 Ne8 19. Bxb5 Nd6 20. Qa4 Nxb5 21. Qxb5
Ba6 22. Qb3 Rc8 23. Nd7 Nxd7 24. cxd7 Qxd7 25. Qxb6 Qa4 26. a3 h6 27. Qb4 Qc2
28. Qd2 Qg6 29. g3 Rc2 30. Qd1 Qe4 31. Rg1 Re2+ 32. Qxe2 Bxe2 33. Kxe2 Qc2+ 34.
Kf1 Qd3+ 35. Kg2 Qe4+ 36. f3 Qxe3 37. Ra2 Qxd4 38. a4 Qc4 39. Rga1 Qa6 40. Rc1
f6 41. a5 e5 42. Rc7 e4 43. fxe4 dxe4 44. Kf2 f5 45. Ke1 g5 46. Ra1 f4 47. Ra2
f3 48. Kf2 g4 49. Rb2 e3+ 50. Kxe3 Qe6+ 51. Kf2 Qe8 52. a6 Qd8 53. Rc4 Qa8 54.
Rxg4+ Kh7 55. Rb7+ Kh8 56. Rbg7 Qxa6 57. Rg8+ Kh7 58. R4g7# {
sanfranrich checkmated} 1-0

[Event "ICS rated standard match"]
[Site "204.178.125.65"]
[Date "2000.10.02"]
[Round "?"]
[White "Interceptor"]
[Black "Hossa"]
[Result "1/2-1/2"]
[WhiteElo "2518"]
[BlackElo "2449"]
[PlyCount "230"]
[EventDate "2000.??.??"]

1. e4 e6 2. d4 d5 3. Nc3 dxe4 4. Nxe4 Nc6 5. Nf3 Nf6 6. Nxf6+ Qxf6 7. Bg5 Qf5
8. c3 Qd5 9. Bd3 f6 10. Be3 Bd7 11. O-O O-O-O 12. Nd2 e5 13. Bc4 Qd6 14. d5 Na5
15. Ne4 Qe7 16. Be2 b6 17. Qc2 Nb7 18. Rad1 Qe8 19. Ng3 Kb8 20. Rfe1 g6 21. b3
Bc5 22. Bh6 Bf8 23. Bc1 Qf7 24. b4 Qe8 25. Bc4 Nd6 26. Bb3 h5 27. a3 h4 28. Ne4
Nxe4 29. Qxe4 h3 30. g3 Qf7 31. Qe2 Bc8 32. Ba4 Bb7 33. Bc6 Bg7 34. Bxb7 Kxb7
35. c4 Bf8 36. f4 Rh5 37. g4 Rh8 38. fxe5 fxe5 39. Rf1 Qd7 40. Rf6 Bd6 41. Rxg6
Rdg8 42. Rxg8 Rxg8 43. g5 Be7 44. Kh1 Bxg5 45. Rg1 Qf5 46. c5 Kb8 47. a4 e4 48.
Be3 Rg6 49. Qh5 Bxe3 50. Qh8+ Qc8 51. Qxc8+ Kxc8 52. Rxg6 bxc5 53. bxc5 Bxc5
54. Re6 e3 55. Kg1 Kd7 56. Kf1 a5 57. Ke2 Bd4 58. Rh6 Bb2 59. Rh7+ Kd6 60. Kxe3
Be5 61. Ke4 Bxh2 62. Rxh3 Bg1 63. Rh6+ Kd7 64. Kd3 Bc5 65. Kc4 Ba3 66. Ra6 Bb4
67. Rg6 Bd2 68. Kd4 Bb4 69. Ra6 Kd8 70. Re6 Ba3 71. Kc4 Kd7 72. Kb5 Bb4 73. Ka6
Bc3 74. Rc6 Be1 75. Kb7 Bb4 76. Rg6 Bc3 77. Ka6 Bb4 78. Kb5 Bc3 79. Rh6 Bd2 80.
Rh7+ Kd6 81. Ka6 Bb4 82. Kb7 Kxd5 83. Kxc7 Kc5 84. Rh5+ Kd4 85. Kc6 Bc3 86.
Rh4+ Ke5 87. Kc5 Be1 88. Rh2 Bc3 89. Re2+ Kf5 90. Kc6 Bb4 91. Kd5 Kf4 92. Kd4
Kf5 93. Re5+ Kf6 94. Kd5 Kg6 95. Re3 Kf6 96. Rf3+ Ke7 97. Rf4 Bd2 98. Rd4 Bc3
99. Rc4 Bd2 100. Rc6 Kd8 101. Rc2 Bb4 102. Ke6 Ba3 103. Rc6 Bb4 104. Rc1 Ba3
105. Rc4 Bb4 106. Rh4 Kc7 107. Kd5 Bd2 108. Rg4 Bb4 109. Rg6 Kb7 110. Rc6 Ba3
111. Rc3 Bb4 112. Rc2 Kb6 113. Rc8 Kb7 114. Rc1 Kb6 115. Rc2 Kb7 {
Game drawn by mutual agreement} 1/2-1/2

[Event "ICS rated standard match"]
[Site "204.178.125.65"]
[Date "2000.10.02"]
[Round "?"]
[White "Hossa"]
[Black "LoadedGun"]
[Result "1-0"]
[WhiteElo "2452"]
[BlackElo "2307"]
[PlyCount "137"]
[EventDate "2000.??.??"]

1. e4 e6 2. d4 d5 3. e5 Be7 4. Nf3 g5 5. Bd3 Nc6 6. c3 g4 7. Nfd2 h5 8. O-O a5
9. a4 Nh6 10. Nb3 Nf5 11. Bf4 b6 12. f3 g3 13. hxg3 h4 14. g4 Ng3 15. Rf2 Bg5
16. Bxg5 Qxg5 17. Bb5 Bb7 18. Qc1 Qg8 19. c4 Qg6 20. cxd5 exd5 21. Nc3 O-O-O
22. Bxc6 Bxc6 23. Qd2 f5 24. Qc2 Rh6 25. gxf5 Nxf5 26. Rc1 Qf7 27. Qd2 Qf8 28.
Qd3 h3 29. g4 Ne7 30. f4 Bd7 31. Qe2 Rg6 32. g5 Rc6 33. Qa6+ Kb8 34. Qd3 Rc4
35. Nd2 Rb4 36. b3 Bf5 37. Qe3 c5 38. Nb5 cxd4 39. Nxd4 Ka8 40. Nb5 Rb8 41. Kh1
Bd7 42. Nc7+ Ka7 43. Qd3 Qc8 44. f5 Bc6 45. Ne6 Qg8 46. Qxh3 Bd7 47. Rc7+ Rb7
48. Rxd7 Rxd7 49. g6 Qc8 50. g7 Qc1+ 51. Kg2 Qd1 52. Nf3 Rb7 53. f6 Ng8 54. Qh5
Ka6 55. Qe8 Rg4+ 56. Kh3 Qc1 57. Kxg4 Nh6+ 58. Kg3 d4 59. Nexd4 Qc7 60. f7 Rb8
61. Qb5+ Ka7 62. f8=Q Rc8 63. Rc2 Nf5+ 64. Kf4 Qb7 65. Rxc8 Qe4+ 66. Kxe4 Ng3+
67. Kd5 Kb7 68. Rc7+ Kxc7 69. Qc6# {LoadedGun checkmated} 1-0

[Event "ICS rated standard match"]
[Site "204.178.125.65"]
[Date "2000.10.02"]
[Round "?"]
[White "Zippy"]
[Black "Hossa"]
[Result "1/2-1/2"]
[WhiteElo "2282"]
[BlackElo "2462"]
[PlyCount "162"]
[EventDate "2000.??.??"]

1. e4 e6 2. d4 d5 3. Nd2 c5 4. exd5 Qxd5 5. Ngf3 cxd4 6. Bc4 Qd6 7. O-O Nf6 8.
Nb3 Nc6 9. Nbxd4 Nxd4 10. Qxd4 Qxd4 11. Nxd4 Bd7 12. Re1 Be7 13. Bg5 O-O 14.
Rad1 Rfc8 15. Bd3 Ba4 16. b3 Bd7 17. c4 h6 18. Bd2 Bc5 19. Bc3 Rd8 20. Bc2 Ng4
21. h3 Nf6 22. b4 Bf8 23. Nf3 Be8 24. a3 a5 25. Rxd8 Rxd8 26. Ne5 Rc8 27. bxa5
Bxa3 28. Rb1 Rc7 29. Bd3 Bd6 30. Rb6 Bc5 31. Rb2 Ba4 32. g4 Bd6 33. a6 bxa6 34.
Rb6 Bxe5 35. Bxe5 Rc8 36. Rxa6 Bb3 37. c5 Bd5 38. Bxf6 gxf6 39. Ra5 Kf8 40. Kh2
Ke7 41. Kg3 Kd7 42. Kf4 Kc6 43. Bc2 Bg2 44. Kg3 Bd5 45. Ba4+ Kb7 46. Kf4 Rd8
47. Bc2 Bg2 48. f3 Bxh3 49. Be4+ Kc8 50. Ra8+ Kd7 51. c6+ Ke8 52. Ra1 f5 53.
gxf5 Bxf5 54. Bxf5 exf5 55. Re1+ Kf8 56. Rh1 Ke7 57. Kxf5 h5 58. Re1+ Kd6 59.
Rd1+ Kc7 60. Rxd8 Kxd8 61. Kg5 Kc7 62. Kxh5 Kd6 63. Kg5 Kxc6 64. Kf5 Kd5 65.
Kf6 Kd6 66. f4 Kd5 67. Kf5 Kd6 68. Ke4 Ke6 69. f5+ Kf6 70. Kf4 Ke7 71. Kg5 Kf8
72. Kh6 Kg8 73. f6 Kh8 74. Kg5 Kh7 75. Kh5 Kg8 76. Kg4 Kh7 77. Kg5 Kg8 78. Kf4
Kh7 79. Kg5 Kg8 80. Kg4 Kh7 81. Kg5 Kg8 {Game drawn by repetition} 1/2-1/2

[Event "ICS rated standard match"]
[Site "204.178.125.65"]
[Date "2000.10.02"]
[Round "?"]
[White "Hossa"]
[Black "Zippy"]
[Result "1-0"]
[WhiteElo "2462"]
[BlackElo "2290"]
[PlyCount "139"]
[EventDate "2000.??.??"]

1. e4 Nf6 2. e5 Nd5 3. d4 d6 4. Nf3 c6 5. c4 Nc7 6. Bd3 dxe5 7. dxe5 Bg4 8. h3
Bxf3 9. Qxf3 Nd7 10. Qe2 Ne6 11. O-O Nxe5 12. Bf5 Qd6 13. Re1 Nd7 14. Be3 Qe5
15. Bg4 h5 16. Bxe6 Qxe6 17. Nc3 Qf5 18. Rad1 a6 19. Na4 Rd8 20. Qd2 e5 21. Bb6
Rc8 22. Re3 Be7 23. Rd3 Nf6 24. Rf3 Qe6 25. b3 Nd7 26. Rd3 Nxb6 27. Nxb6 Rb8
28. Nd7 Rc8 29. Qe3 e4 30. R3d2 b5 31. Qd4 Rh7 32. Qa7 e3 33. Re2 Bg5 34. Nc5
Qf5 35. fxe3 Be7 36. Nxa6 Kf8 37. Rf2 Qe6 38. Qb7 Rd8 39. Rxd8+ Bxd8 40. Nc5
Qe8 41. Nd7+ Kg8 42. Qxc6 Qxe3 43. Qc8 Qe1+ 44. Kh2 Qa5 45. cxb5 Qc7+ 46. Qxc7
Bxc7+ 47. Kg1 Rh6 48. Rc2 Bg3 49. Rc6 Rxc6 50. bxc6 f5 51. a4 Bc7 52. b4 Kf7
53. a5 Bf4 54. Kf2 Ke6 55. a6 Bd2 56. a7 Bxb4 57. a8=Q Kd6 58. Qa4 Bc3 59. Qc4
Bd4+ 60. Qxd4+ Kxc6 61. Qxg7 h4 62. Nb8+ Kd6 63. Qf6+ Kc7 64. Qxh4 Kxb8 65. Qe7
Ka8 66. Ke3 Kb8 67. Kd4 Kc8 68. Kd5 f4 69. Kc6 f3 70. Qc7# {Zippy checkmated}
1-0

[Event "ICS rated standard match"]
[Site "204.178.125.65"]
[Date "2000.10.02"]
[Round "?"]
[White "Amy"]
[Black "Hossa"]
[Result "1-0"]
[WhiteElo "2575"]
[BlackElo "2471"]
[PlyCount "93"]
[EventDate "2000.??.??"]

1. e4 e5 2. Nf3 Nc6 3. Nc3 Nf6 4. d4 exd4 5. Nxd4 Bb4 6. Nxc6 bxc6 7. Bd3 d5 8.
exd5 cxd5 9. O-O O-O 10. Bg5 c6 11. Ne2 Bg4 12. c3 Bd6 13. Qc2 h6 14. Bh4 c5
15. c4 d4 16. Rfe1 Qc7 17. Bxf6 gxf6 18. Bh7+ Kh8 19. Ng3 Rae8 20. Be4 f5 21.
Bxf5 Bxf5 22. Qxf5 Rxe1+ 23. Rxe1 Bxg3 24. hxg3 Qb6 25. Qe5+ Kh7 26. Qe7 Kg7
27. Re4 h5 28. Re5 Qh6 29. Rg5+ Kh7 30. Qxc5 Qf6 31. Rf5 Qe6 32. Rxh5+ Kg7 33.
Re5 Qb6 34. Rg5+ Kh6 35. Rh5+ Kg7 36. Qe5+ f6 37. Qf5 Rf7 38. Qg4+ Kf8 39. Rh8+
Ke7 40. Qc8 Rg7 41. c5 Qb5 42. Qf8+ Ke6 43. Qd6+ Kf7 44. Rf8+ Kg6 45. Qxf6+ Kh7
46. Qh4+ Kg6 47. Rf6# {Hossa checkmated} 1-0